000 00536nam a22001932 4500
001 0000004554
005 20151217155825.0
008 070524s xx 000 0 eng d
040 _aKABU
_cKABU
050 0 _aQH94
_b.C672
100 1 _aCopley, Hugh.
_@0000155172
245 1 0 _aWonders of the Kenya seashore.
260 _aNairobi :
_bKenya Game Department,
_c1946.
300 _a78 p.
650 0 _aMarine biology
_zKenya.
_@0000155173
908 _a070524
950 _@1
999 _c12903
_d12903